تحميل...

A history of modernist literature /

"A History of Modernist Literature offers a critical overview of modernism in England from the 1890s to the Second World War"--

التفاصيل البيبلوغرافية
المؤلف الرئيسي: Gąsiorek, Andrzej
التنسيق: Printed Book
اللغة:English
الطبعة:First edition.
سلاسل:Blackwell history of literature ; 7
الموضوعات:
الوصول للمادة أونلاين:http://catalogimages.wiley.com/images/db/jimages/9781405177160.jpg
LEADER 01414cam a22003138i 4500
008 141029s2015 nju b 001 0 eng
010 |a  2014039727 
020 |a 9781405177160(hardback) 
042 |a pcc 
043 |a e-uk-en 
082 0 0 |a 820.9 GAS/H  |2 23 
084 |a LIT004120  |2 bisacsh 
100 1 |a Gąsiorek, Andrzej, 
245 1 2 |a A history of modernist literature /  |c Andrzej Gasiorek. 
250 |a First edition. 
263 |a 1504 
300 |a pages cm. 
490 0 |a Blackwell history of literature ;  |v 7 
504 |a Includes bibliographical references and index. 
520 |a "A History of Modernist Literature offers a critical overview of modernism in England from the 1890s to the Second World War"-- 
650 0 |a Modernism (Literature)  |z England. 
650 7 |a LITERARY CRITICISM / European / English, Irish, Scottish, Welsh. 
776 0 8 |i Online version:  |a Gąsiorek, Andrzej, 1960-  |t History of modernist literature  |b First edition.  |d Hoboken : Wiley-Blackwell, 2015  |z 9781118607336  |w (DLC) 2014042851 
856 4 2 |u http://catalogimages.wiley.com/images/db/jimages/9781405177160.jpg 
906 |a 7  |b cbc  |c orignew  |d 1  |e ecip  |f 20  |g y-gencatlg 
942 |c BK 
955 |b xk14 2014-10-29  |i xk14 2014-10-29 ONIX 
999 |c 197643  |d 197643 
952 |0 0  |1 0  |4 0  |6 820_900000000000000_GAS_H  |7 0  |9 218533  |a ENG  |b ENG  |c ST1  |d 2017-04-06  |i 17923  |l 1  |o 820.9 GAS/H  |p ENG17923  |r 2018-04-10  |s 2018-01-30  |w 2017-04-06  |y BK